A fotografia como catalisador simbólico: notas para uma hermenêutica da fantástica em imagens técnicas = Fotografía como catalizador simbólico: notas para una hermenéutica de lo fantástico en las imágenes técnicas /
En este trabajo, se explora el rol de la fotografía como un catalizador simbólico en la construcción y transmisión de significados en imágenes técnicas. La autora emplea una perspectiva hermenéutica para analizar cómo las fotografías técnicas, en particular las imágenes fantásticas, pueden comunicar...
Kaydedildi:
| Yazar: | |
|---|---|
| Diğer Yazarlar: | |
| Materyal Türü: | Kitap |
| Dil: | Portuguese |
| Konular: | |
| Etiketler: |
Etiketle
Etiket eklenmemiş, İlk siz ekleyin!
|
MARC
| LEADER | 00000nam a22000007a 4500 | ||
|---|---|---|---|
| 003 | cru CIDCACS/IIS | ||
| 005 | 20230901233514.0 | ||
| 007 | ta | ||
| 008 | 170922s2015 bl |||p|r|||| 00| 0 por d | ||
| 040 | |c cru CIDCACS/IIS | ||
| 100 | 1 | |9 5686 |a Barros, Ana Taís Martins Portanova | |
| 245 | 1 | |a A fotografia como catalisador simbólico: |b notas para uma hermenêutica da fantástica em imagens técnicas = Fotografía como catalizador simbólico: notas para una hermenéutica de lo fantástico en las imágenes técnicas / |c Ana Taís Martins Portanova Barros, Jean-Jacques Wunenburger | |
| 520 | |a En este trabajo, se explora el rol de la fotografía como un catalizador simbólico en la construcción y transmisión de significados en imágenes técnicas. La autora emplea una perspectiva hermenéutica para analizar cómo las fotografías técnicas, en particular las imágenes fantásticas, pueden comunicar mensajes y evocar emociones en el espectador. Se investiga cómo la fotografía, a pesar de ser una representación visual de la realidad, también posee un componente simbólico que puede trascender lo literal y activar una comprensión más profunda. A través de ejemplos y análisis, se destaca cómo la interpretación de estas imágenes técnicas implica una interacción entre el observador, el contexto cultural y las dimensiones subjetivas. Este enfoque contribuye a desentrañar la riqueza simbólica de las imágenes fotográficas y a comprender cómo la fotografía puede ser un medio poderoso para la expresión artística y la comunicación visual.RAR 10/2022 | ||
| 650 | 0 | |2 OCDE |9 3142 |a FOTOGRAFIA | |
| 650 | 0 | |2 OCDE |9 7018 |a SIMBOLISMO | |
| 650 | 0 | |2 OCDE |9 11635 |a SIGNIFICADOS | |
| 650 | 0 | |2 OCDE |9 4492 |a HERMENEUTICA | |
| 650 | 0 | |2 UNESCO |9 11636 |a INTERPRETACIONES | |
| 700 | 1 | |9 5687 |a Wunenburger, Jean-Jacques | |
| 773 | 0 | |0 40492 |9 1360 |a Sociedade Brasileira de Estudos Interdisciplinares da Comunicação |d São Paulo, Brasil: Sociedade Brasileira de Estudos Interdisciplinares da Comunicação. -- Brasil: Sociedade Brasileira de Estudos Interdisciplinares da Comunicação |o 18257 |t Intercom: |x 18095844 | |
| 942 | |2 ddc |c PP | ||
| 999 | |c 40493 |d 40493 | ||
